000 00861nam a2200193Ii 4500
003 JO-AjNU
008 230605s9999||||xx |||||||||||||| ||und||
040 _aJO-AjNU
_bara
_erda
_cJO-AjNU
041 _aara
050 1 4 _aHD2769.2 2008
100 3 _a المنظمة العربية للتنمية الادارية,
_eauthor
_951997
245 0 0 _aالدليل الإرشادي لبناء قدرات المنظمات غير الحكومية العربية = Guide book for capacity building of arab
264 3 1 _aالقاهرة: المنظمة العربية للتنمية الادارية، 2008
300 _a178ص عربي، 136ص انجليزي
336 _atext
_btxt
_2rdacontent
337 _aunmediated
_bn
_2rdamedia
338 _avolume
_bnc
_2rdacarrier
650 4 _a المنظمات غير الحكومية -البلاد العربية 
_951998
999 _aA23007
_c26575
_d26575